| 000 | 01228nam a2200289Ia 4500 | ||
|---|---|---|---|
| 001 | 21451 | ||
| 003 | GE_BSU | ||
| 008 | 181216s||||||||xx |||||||||||||| ||und|| | ||
| 020 | _a9789941175084 | ||
| 040 | _cGE_BSU | ||
| 080 | _a327(042.4) | ||
| 100 | _aმანველიძე, ირაკლი | ||
| 245 | _aსაერთაშორისო ურთიერთობების საფუძვლები | ||
| 245 | _bლექციების კურსი | ||
| 245 | _cრედ. ირაკლი გორგილაძე | ||
| 250 | _aბათუმის შოთა რუსთაველის სახ-ფო უნ-ტი.სოციალ. მეცნ. ბიზნ. და სამართალმც. ფაკ-ტი | ||
| 260 | _aთბილისი | ||
| 260 | _bუნივერსალი | ||
| 260 | _c2012 | ||
| 300 | _a419გვ. ; 30სმ. | ||
| 300 | _eბიბლ.გვ.417-419 | ||
| 541 | _h12ლ. 45 თ. | ||
| 653 | _aლექციების კურსი | ||
| 653 | _aპოლიტიკა | ||
| 653 | _aსაერთაშორისო ურთიერთობების საფუძვლები | ||
| 942 | _cBK | ||
| 999 |
_c54395 _d54395 |
||